Normal view
MARC view
Entry Topical Term
001 - CONTROL NUMBER
- control field: 8881
003 - CONTROL NUMBER IDENTIFIER
- control field: ARRUPE
005 - DATE AND TIME OF LATEST TRANSACTION
- control field: 20140221142527.0
008 - FIXED-LENGTH DATA ELEMENTS
- fixed length control field: 140221|| aca||aabn | a|a d
040 ## - CATALOGING SOURCE
- Original cataloging agency: ARRUPE
- Transcribing agency: ARRUPE
150 ## - HEADING--TOPICAL TERM
- Topical term or geographic name as entry element: Catholic Church in Malawi
- General subdivision: Pastoral theology
670 ## - SOURCE DATA FOUND
- Source citation: Work cat.: (ARRUPE): Bishop Kalolombe P. A. 8880, Christ's church in Lilongwe Today and Tomorrow, 1973